BUBT Library Online Catalog

মুসলিম আইন (প্রথম খন্ড)/ পরিচিতি এবং উত্তরাধিকার সংক্রান্ত: (Record no. 2457)

000 -LEADER
fixed length control field 00898nam a2200229Ia 4500
003 - CONTROL NUMBER IDENTIFIER
control field BUBTL
008 - FIXED-LENGTH DATA ELEMENTS--GENERAL INFORMATION
fixed length control field 151213s9999 xx 000 0 und d
041 ## - LANGUAGE CODE
Language code of text/sound track or separate title বাংলা
082 ## - DEWEY DECIMAL CLASSIFICATION NUMBER
Classification number 340.59/ R1293m/ 1989
100 ## - MAIN ENTRY--PERSONAL NAME
Personal name রহমান, এম হাবিবুর
9 (RLIN) 5394
245 ## - TITLE STATEMENT
Title মুসলিম আইন (প্রথম খন্ড)/ পরিচিতি এবং উত্তরাধিকার সংক্রান্ত:
Statement of responsibility, etc. এম হাবিবুর রহমান
250 ## - EDITION STATEMENT
Edition statement ১ম সং
260 ## - PUBLICATION, DISTRIBUTION, ETC. (IMPRINT)
Place of publication, distribution, etc. রাজশাহী
Name of publisher, distributor, etc. সৈয়দা মর্জিনা খাতুন
Date of publication, distribution, etc. c1989
300 ## - PHYSICAL DESCRIPTION
Extent 233p. :
Other physical details ill. ; 21 cm.
526 ## - STUDY PROGRAM INFORMATION NOTE
Program name Law
650 ## - SUBJECT ADDED ENTRY--TOPICAL TERM
Topical term or geographic name as entry element Law
650 ## - SUBJECT ADDED ENTRY--TOPICAL TERM
Topical term or geographic name as entry element
700 ## - ADDED ENTRY--PERSONAL NAME
Personal name এম হাবিবুর রহমান॥
9 (RLIN) 5395
856 ## - ELECTRONIC LOCATION AND ACCESS
Password 0
Logon 0
Link text Download
942 ## - ADDED ENTRY ELEMENTS (KOHA)
Source of classification or shelving scheme
Koha item type Books
Holdings
Withdrawn status Lost status Source of classification or shelving scheme Damaged status Not for loan Collection code Permanent location Current location Shelving location Date acquired Source of acquisition Inventory number Total Checkouts Full call number Barcode Date last seen Date last checked out Copy number Price effective from Koha item type
          Non-fiction Bangladesh University of Business and Technology Library Bangladesh University of Business and Technology Library Law Stacks 04/10/2007 Purchase 3593 2 340.59/ R1293m/ 1989 BUBTL-20033593 02/08/2024 01/29/2024 C-1 07/26/2023 Books
          Non-fiction Bangladesh University of Business and Technology Library Bangladesh University of Business and Technology Library Law Stacks 04/10/2007 Purchase 3594 2 340.59/ R1293m/ 1989 BUBTL-20033594 02/13/2024 02/08/2024 C-2 07/26/2023 Books
        Not For Loan Non-fiction Bangladesh University of Business and Technology Library Bangladesh University of Business and Technology Library Law Stacks 04/10/2007 Purchase 3595   340.59/ R1293m/ 1989 BUBTL-20033595 02/12/2024   C-3 02/12/2024 Books

More Information About Library

Library Hours

  • Open: 9.00 am. to 9.00 pm.
  • Only Sunday: 9.00 am. to 6.00 pm.
  • Closed: Holiday

Contact to the University

Bangladesh University of Business and Technology Library

  • Mirpurl-2, 1216.
  • Phone:
  • Fax:
  • E-Mail: admin.library@bubt.edu.bd

Contact to the Library

Contact Person:

Md. Abdul Hakim Shah
Joint Librarian
PABX No:  113
Cell No: 01816332931
E-mail: official: admin.library@bubt.edu.bd
Personal: hakim.shah@bubt.edu.bd


BUBT Library

Copyright © 2021